| 000 | 00983nam a22003017a 4500 | ||
|---|---|---|---|
| 003 | CHAP | ||
| 005 | 20220329133858.0 | ||
| 008 | 971013s1971 r 00010 d | ||
| 010 | _a12144 | ||
| 011 | _a13116 | ||
| 035 | _a17187 | ||
| 040 | _cCHAP | ||
| 082 |
_a512.897 _bG4 |
||
| 100 | 0 | 0 |
_aGentile, Enzo R. _947516 |
| 245 | _aEstructuras algebraicas, II; algebra lineal | ||
| 260 |
_aWashington : _bUnión Panamericana, _c1971 |
||
| 300 | _a160 p. | ||
| 490 |
_aUnión Panamericana. Serie de matemática. Monografía _v; 12 |
||
| 590 |
_aBATCH-UPD _b10 _c20130110 _lUCH01 _h0836 |
||
| 590 |
_aBATCH-UPD _b10 _c20130410 _lUCH01 _h0514 |
||
| 590 |
_aBATCH-UPD _b10 _c20130914 _lUCH01 _h1659 |
||
| 590 |
_aCONVERSION _b10 _c20130109 _lUCH01 _h1308 |
||
| 650 | 1 | 4 |
_aÁlgebra lineal. _982392 |
| 830 | 0 |
_aUnión Panamericana. Serie de matemática. Monografía _v; 12 _9116263 |
|
| 901 | _aBK | ||
| 942 | _cLIBRO | ||
| 949 |
_a512.897 G4 _bBC _cLIBRO _d33724000404166 _eLIBRO _h29930 _i17187 _si |
||
| 999 |
_c12144 _d12144 |
||